Platobné brány
Podstata platobných brán, spôsoby ich používania a zaúčtovanie v rámci platnej legislatívy. Vysvetlenie pojmov elektronická peňaženka a mobilná platobná brána. Platobná brána z pohľadu zákona o dani z pridanej hodnoty a z pohľadu zákona o účtovníctve. Platobná brána bez vedenia platobného účtu a pla...
Uložené v:
| Hlavný autor: | |
|---|---|
| Médium: | Kapitola |
| Jazyk: | Slovak |
| Predmet: | |
| Tagy: |
Žiadne tagy, Buďte prvý, kto otaguje tento záznam!
|
MARC
| LEADER | 00000naa a2200000 4500 | ||
|---|---|---|---|
| 001 | 0278583 | ||
| 005 | 20250709102601.2 | ||
| 041 | 0 | |a slo | |
| 044 | |a SK | ||
| 245 | 1 | 0 | |a Platobné brány |c Jana Böszörmenyi |
| 520 | |a Podstata platobných brán, spôsoby ich používania a zaúčtovanie v rámci platnej legislatívy. Vysvetlenie pojmov elektronická peňaženka a mobilná platobná brána. Platobná brána z pohľadu zákona o dani z pridanej hodnoty a z pohľadu zákona o účtovníctve. Platobná brána bez vedenia platobného účtu a platobná brána ako obdoba bankového účtu na prijímanie a realizovanie platieb. | ||
| 610 | 2 | 0 | |a obchod elektronický |
| 610 | 2 | 0 | |a platby elektronické |
| 610 | 2 | 0 | |a systémy komunikačné |
| 610 | 2 | 0 | |a systémy informačné |
| 610 | 2 | 0 | |a účtovníctvo |
| 610 | 2 | 0 | |a dane z hodnoty pridanej |
| 610 | 2 | 0 | |a zákony |
| 100 | 1 | |a Böszörményi, Jana | |